[Event "DEM U12/U12w 2013"]
[Site "Oberhof GER"]
[Date "2013.05.20"]
[Round "3"]
[White "Weiten, Teresa"]
[Black "Walow, Xenia"]
[Result "0-1"]
[Termination "normal"]
[Board "45"]
[WhiteElo "995"]
[BlackElo "1271"]
[PlyCount "42"]
[WhiteFideId "12971944"]
[BlackFideId "12971839"]
[EventCountry "GER"]
[EventRounds "11"]
[EventType "swiss"]
[EventDate "2013.05.18"]

1. e4 c5 2. d4 cxd4 3. c3 dxc3 4. Nxc3 Nc6 5. Nf3 e5 6. Bc4 h6 7. O-O d6 8. Be3
Nf6 9. Qd3 Be7 10. Rac1 Bg4 11. Bd2 Qd7 12. Nd5 O-O 13. Ne3 Bxf3 14. gxf3 Qh3
15. Nf5 Rad8 16. Qe3 Nh5 17. Kh1 Bg5 18. Qc3 Bxd2 19. Qxd2 Nf4 20. Ne3 Qxf3+
21. Kg1 Nh3# 0-1

[Event "DEM U12/U12w 2013"]
[Site "Oberhof GER"]
[Date "2013.05.20"]
[Round "3"]
[White "Hofmann, Jana"]
[Black "Böse, Carolin"]
[Result "0-1"]
[Termination "normal"]
[Board "46"]
[WhiteElo "970"]
[BlackElo "1263"]
[PlyCount "98"]
[WhiteFideId "12971952"]
[BlackFideId "12929646"]
[EventCountry "GER"]
[EventRounds "11"]
[EventType "swiss"]
[EventDate "2013.05.18"]

1. e4 e5 2. Nf3 Nf6 3. Nc3 Nc6 4. Bb5 Nd4 5. d3 Bb4 6. Bd2 Bxc3 7. Bxc3 Nxb5 8.
Bxe5 d6 9. Bxf6 Qxf6 10. h3 O-O 11. O-O Nd4 12. Nh2 Qg6 13. Kh1 f5 14. Qe1 Nxc2
15. exf5 Bxf5 16. Qe7 Nxa1 17. Rxa1 Qf7 18. Qg5 Bxd3 19. Qg3 Bc4 20. b3 Be6 21.
Nf3 Rfd8 22. Ng5 Qf6 23. Re1 Re8 24. Qh4 h6 25. Nf3 Qxh4 26. Nxh4 b5 27. Re4 c5
28. Re3 d5 29. a3 c4 30. bxc4 bxc4 31. Nf3 Bf7 32. Rc3 Red8 33. Rc2 d4 34. Rd2
d3 35. Ne1 Bg6 36. Rd1 c3 37. Nf3 Bh5 38. g4 Bg6 39. Ng1 c2 40. Rf1 Rac8 41.
Nf3 c1=Q 42. Kg1 d2 43. Rxc1 dxc1=Q+ 44. Kg2 Be4 45. Kg3 Bxf3 46. Kxf3 Qh1+ 47.
Kf4 g5+ 48. Ke3 Re8+ 49. Kd4 Qd1# 0-1

[Event "DEM U12/U12w 2013"]
[Site "Oberhof GER"]
[Date "2013.05.20"]
[Round "3"]
[White "Schubert, Lea Sophie"]
[Black "Merker, Vivien"]
[Result "1/2-1/2"]
[Termination "normal"]
[Board "47"]
[WhiteElo "816"]
[BlackElo "1255"]
[PlyCount "82"]
[BlackFideId "12927260"]
[EventCountry "GER"]
[EventRounds "11"]
[EventType "swiss"]
[EventDate "2013.05.18"]

1. e4 c5 2. Nf3 Nc6 3. d4 cxd4 4. Nxd4 Nf6 5. Nc3 g6 6. Be2 Bg7 7. Be3 O-O 8.
O-O d5 9. f3 e5 10. Nxc6 bxc6 11. exd5 cxd5 12. Bc5 Re8 13. Bb5 Bd7 14. Bxd7
Qxd7 15. Re1 e4 16. Bd4 Rab8 17. Rb1 exf3 18. Rxe8+ Rxe8 19. Qxf3 Ne4 20. Rd1
Nxc3 21. Bxc3 d4 22. Bb4 Qc7 23. c3 Qb6 24. Kh1 Rd8 25. Qf2 dxc3 26. Rxd8+ Qxd8
27. Bxc3 Bxc3 28. bxc3 Qd3 29. h3 Qb1+ 30. Kh2 a5 31. Qd2 a4 32. Qd8+ Kg7 33.
Qd4+ Kg8 34. Qxa4 Qb2 35. Qb3 Qf2 36. a4 Qf4+ 37. Kh1 Qf1+ 38. Kh2 Qf4+ 39. Kh1
Qf1+ 40. Kh2 Qf4+ 41. Kh1 Qf1+ 1/2-1/2

[Event "DEM U12/U12w 2013"]
[Site "Oberhof GER"]
[Date "2013.05.20"]
[Round "3"]
[White "Wong, Kar Yan"]
[Black "Duan, Muxi"]
[Result "1-0"]
[Termination "normal"]
[Board "48"]
[WhiteElo "1189"]
[BlackElo "929"]
[PlyCount "47"]
[WhiteFideId "12971855"]
[BlackFideId "12971960"]
[EventCountry "GER"]
[EventRounds "11"]
[EventType "swiss"]
[EventDate "2013.05.18"]

1. e4 e5 2. Nf3 Nc6 3. Bb5 a6 4. Bxc6 dxc6 5. O-O Bg4 6. d3 Nf6 7. Nbd2 Bc5 8.
h3 Bh5 9. Re1 O-O 10. Nf1 Re8 11. Ng3 Bxf3 12. Qxf3 b5 13. Nf5 g6 14. Nh6+ Kh8
15. Nxf7+ Kg7 16. Nxd8 Raxd8 17. Bg5 Rf8 18. Qe2 Rf7 19. Rf1 Rdf8 20. Qd2 Ng8
21. Be3 Be7 22. d4 exd4 23. Bxd4+ Nf6 24. e5 1-0